[Event "11. Lichtenberger Sommer"]
[Site "Berlin"]
[Date "2012.08.21"]
[Round "4.51"]
[White "Baranowsky, Peter"]
[Black "Schulz, Hartmut"]
[Result "1/2-1/2"]
[WhiteElo "1963"]
[BlackElo "2081"]
[PlyCount "32"]
[EventDate "2012.??.??"]
[WhiteTeam "Sfrd. Berlin 1903 e.V."]
[BlackTeam "SC Rotation Pankow e.V."]

1. e4 c6 2. d4 d5 3. e5 Bf5 4. Nf3 e6 5. Be2 c5 6. c3 Nd7 7. O-O Ne7 8. Na3 Nc6
9. Bd3 Bxd3 10. Qxd3 Be7 11. Nc2 O-O 12. Re1 Rc8 13. Bd2 a6 14. Re3 Re8 15.
Rae1 b5 16. h4 Nf8 1/2-1/2

[Event "11. Lichtenberger Sommer"]
[Site "Berlin"]
[Date "2012.08.21"]
[Round "4.52"]
[White "Müller, Thomas"]
[Black "Montolio Benedicto, Cesar"]
[Result "0-1"]
[WhiteElo "1767"]
[BlackElo "1956"]
[PlyCount "144"]
[EventDate "2012.??.??"]
[WhiteTeam "SV Schewe Torm/Derendorf 1928/30"]
[BlackTeam "Gros Xake Taldea"]

1. d4 Nf6 2. c4 e6 3. Nc3 Bb4 4. f3 O-O 5. e4 c5 6. d5 exd5 7. cxd5 d6 8. Bd3
Nbd7 9. Nge2 Re8 10. O-O Qc7 11. Be3 a6 12. a3 Ba5 13. Rc1 c4 14. Bb1 Nc5 15.
b4 cxb3 16. Na4 b6 17. Nxc5 bxc5 18. Qxb3 Rb8 19. Qd3 Bb6 20. Kh1 Qa7 21. Bg5
Bd8 22. Ng3 g6 23. Qc3 Nd7 24. Bxd8 Rxd8 25. f4 Re8 26. f5 Ne5 27. f6 h6 28.
Qd2 Kh7 29. Rf4 g5 30. Rff1 Qb7 31. h4 Qb2 32. Qd1 Qxa3 33. Nf5 Bxf5 34. Rxf5
Rb3 35. Qd2 Reb8 36. Bc2 Nc4 37. Qe1 Ne3 38. Rf3 Nxc2 39. Rxc2 Rxf3 40. gxf3
Qxf3+ 41. Kg1 Rb3 42. Rg2 Ra3 43. Qf2 Ra1+ 44. Kh2 Qxf2 45. Rxf2 Re1 46. hxg5
hxg5 47. Ra2 Rxe4 48. Rxa6 Rd4 49. Rxd6 Kg6 50. Kg3 c4 51. Rc6 Rxd5 52. Rxc4
Kxf6 53. Kg4 Kg6 54. Rc6+ f6 55. Ra6 Rd4+ 56. Kg3 Kf5 57. Ra5+ Ke6 58. Ra6+ Ke5
59. Ra5+ Rd5 60. Ra1 f5 61. Re1+ Kf6 62. Kf3 g4+ 63. Kf4 Rd4+ 64. Kg3 Rd3+ 65.
Kg2 Kg5 66. Ra1 Rd2+ 67. Kf1 f4 68. Ra5+ Kh4 69. Ra8 Rb2 70. Rh8+ Kg3 71. Ra8
Rb1+ 72. Ke2 f3+ 0-1

[Event "11. Lichtenberger Sommer"]
[Site "Berlin"]
[Date "2012.08.21"]
[Round "4.53"]
[White "Konrad, Erhard"]
[Black "Lang, Martin"]
[Result "1-0"]
[WhiteElo "1956"]
[BlackElo "1909"]
[PlyCount "63"]
[EventDate "2012.??.??"]
[WhiteTeam "SG Lasker Steglitz-Wilmersdorf"]
[BlackTeam "SC Zugzwang 95 e.V."]

1. Nf3 Nf6 2. g3 d5 3. Bg2 c5 4. O-O Nc6 5. d3 e5 6. Nbd2 Be7 7. e4 dxe4 8.
dxe4 Bg4 9. h3 Be6 10. Ng5 Qd7 11. Nxe6 Qxe6 12. c3 Rd8 13. Qe2 O-O 14. Nc4 Nh5
15. Ne3 g6 16. Nd5 b6 17. Bh6 Ng7 18. Rad1 g5 19. Bxg7 Kxg7 20. Ne3 Qxa2 21.
Rd5 Bf6 22. Ng4 Ne7 23. Nxf6 Kxf6 24. Qf3+ Ke6 25. Qg4+ Kf6 26. Rxd8 Rxd8 27.
f4 gxf4 28. gxf4 exf4 29. Qxf4+ Kg7 30. Qf6+ Kf8 31. e5 Ke8 32. Qh8+ 1-0

[Event "11. Lichtenberger Sommer"]
[Site "Berlin"]
[Date "2012.08.21"]
[Round "4.54"]
[White "Costello, Colin"]
[Black "Albinus, Günter"]
[Result "1-0"]
[WhiteElo "1956"]
[BlackElo "1819"]
[PlyCount "93"]
[EventDate "2012.??.??"]
[WhiteTeam "SC Weisse Dame e.V."]
[BlackTeam "SG Weißensee 49 e.V."]

1. c4 Nf6 2. g3 c6 3. Bg2 d5 4. d4 e6 5. Nc3 Be7 6. Nf3 Nbd7 7. O-O O-O 8. b3
Re8 9. Bb2 Bd6 10. Qc2 Nf8 11. e4 dxe4 12. Nxe4 Nxe4 13. Qxe4 Ng6 14. Rad1 Bd7
15. Rfe1 Qc7 16. Qd3 Rad8 17. a3 Be7 18. Qc2 Bf6 19. h4 Ne7 20. d5 cxd5 21.
Bxf6 gxf6 22. Qb2 e5 23. cxd5 Nf5 24. Nd2 Nd6 25. Rc1 Qb6 26. Nc4 Nxc4 27. Rxc4
Qd6 28. Rec1 Rc8 29. Rxc8 Rxc8 30. Rc4 Rc5 31. Qc1 b6 32. Qh6 Qe7 33. Qc1 Kg7
34. b4 Rxc4 35. Qxc4 Qd6 36. Qa6 Qb8 37. Qd3 Qd6 38. Be4 f5 39. Bxf5 Bxf5 40.
Qxf5 Qxd5 41. Qg5+ Kf8 42. Qf6 Qe4 43. h5 Qd4 44. Qh8+ Ke7 45. Qxh7 Qa1+ 46.
Kg2 Qxa3 47. Qe4 1-0

[Event "11. Lichtenberger Sommer"]
[Site "Berlin"]
[Date "2012.08.21"]
[Round "4.55"]
[White "Bergmann, Jens"]
[Black "Penner, Markus"]
[Result "0-1"]
[WhiteElo "1946"]
[BlackElo "1998"]
[PlyCount "48"]
[EventDate "2012.??.??"]
[WhiteTeam "SK Tempelhof 1931 e.V."]
[BlackTeam "SK Zehlendorf e.V."]

1. g3 Nf6 2. Nf3 g6 3. Bg2 Bg7 4. O-O O-O 5. c3 d6 6. Na3 c5 7. d4 Nbd7 8. Re1
a6 9. dxc5 Nxc5 10. Be3 Qc7 11. h3 b5 12. Ne5 Bb7 13. Nd3 Bxg2 14. Kxg2 Rfd8
15. Kg1 Nd5 16. Bxc5 dxc5 17. Qc1 c4 18. Nf4 Nxf4 19. gxf4 Bh6 20. e3 Qc6 21.
Qc2 Qf3 22. Kh2 Bxf4+ 23. exf4 Qxf4+ 24. Kg1 Rd2 0-1

[Event "11. Lichtenberger Sommer"]
[Site "Berlin"]
[Date "2012.08.21"]
[Round "4.56"]
[White "Peschke, Uwe"]
[Black "Hübner, Alan-Ari"]
[Result "1-0"]
[WhiteElo "2054"]
[BlackElo "1728"]
[PlyCount "45"]
[EventDate "2012.??.??"]
[WhiteTeam "SC Empor Potsdam 1952 e.V."]
[BlackTeam "TuS Makkabi Berlin e.V."]

1. Nf3 c5 2. g3 d5 3. Bg2 Nc6 4. d4 Nf6 5. O-O e6 6. c4 Be7 7. dxc5 Bxc5 8. a3
O-O 9. b4 Bb6 10. Bb2 dxc4 11. Qc2 h6 12. Rd1 Qc7 13. Nbd2 Bd7 14. Nxc4 Ne7 15.
Rac1 Rac8 16. Bxf6 gxf6 17. Qd2 Ba4 18. Nb2 Bc6 19. b5 Rfd8 20. Qb4 Rxd1+ 21.
Nxd1 Qd8 22. bxc6 Rxc6 23. Qb1 1-0

[Event "11. Lichtenberger Sommer"]
[Site "Berlin"]
[Date "2012.08.21"]
[Round "4.57"]
[White "Möller, Dustin"]
[Black "Breitwieser, Jasmin"]
[Result "1/2-1/2"]
[WhiteElo "1838"]
[BlackElo "1938"]
[PlyCount "50"]
[EventDate "2012.??.??"]
[WhiteTeam "Eckernförder SC von 1921"]
[BlackTeam "Sfr. Frankfurt 1921"]

1. c4 e6 2. g3 d5 3. Nf3 c5 4. Bg2 Nc6 5. b3 Nf6 6. O-O Be7 7. e3 O-O 8. Bb2 a6
9. d3 b5 10. Nbd2 Rb8 11. Qe2 Qc7 12. Ne1 Rd8 13. f4 bxc4 14. dxc4 d4 15. Ndf3
e5 16. fxe5 Nxe5 17. exd4 Nxf3+ 18. Nxf3 cxd4 19. Bxd4 Rxd4 20. Nxd4 Bc5 21.
Rad1 Qb6 22. Qe5 Bg4 23. Rd2 Re8 24. Rxf6 Rxe5 25. Rxb6 Bxb6 1/2-1/2

[Event "11. Lichtenberger Sommer"]
[Site "Berlin"]
[Date "2012.08.21"]
[Round "4.58"]
[White "Fischer, Daniel"]
[Black "Rehder, Frank"]
[Result "1-0"]
[WhiteElo "2114"]
[BlackElo "1879"]
[PlyCount "69"]
[EventDate "2012.??.??"]
[WhiteTeam "SK Oberkirch"]
[BlackTeam "SC Zugzwang 95 e.V."]

1. c4 e5 2. g3 Nc6 3. Nc3 Nf6 4. Bg2 g6 5. Nf3 Bg7 6. d3 d6 7. O-O O-O 8. Rb1
a5 9. a3 Be6 10. b4 axb4 11. axb4 Rb8 12. b5 Ne7 13. Bb2 h6 14. Ra1 Nd7 15. Nd2
f5 16. Ra7 Nc5 17. Na4 Nxa4 18. Qxa4 d5 19. Ba3 Re8 20. Bxe7 Rxe7 21. Rc1 e4
22. cxd5 Bxd5 23. dxe4 Bf7 24. Qc2 Rd7 25. Nc4 Rd4 26. Ne3 fxe4 27. Qxc7 Qe8
28. Rxb7 Rbd8 29. Qe7 Rd2 30. Rcc7 Qxe7 31. Rxe7 Rxe2 32. Rxf7 Bd4 33. Bxe4
Bxe3 34. fxe3 Rd1+ 35. Rf1 1-0

[Event "11. Lichtenberger Sommer"]
[Site "Berlin"]
[Date "2012.08.21"]
[Round "4.59"]
[White "Eichler, Jan-Christoph"]
[Black "Kretzschmar, Jan"]
[Result "1-0"]
[WhiteElo "2095"]
[BlackElo "1839"]
[PlyCount "107"]
[EventDate "2012.??.??"]
[WhiteTeam "Schachclub Oranienburg e.V."]
[BlackTeam "SC Kreuzberg e.V."]

1. d4 Nf6 2. c4 e6 3. Nc3 Bb4 4. e3 O-O 5. Nge2 d5 6. a3 Be7 7. Ng3 Nbd7 8.
cxd5 exd5 9. Bd3 Nb6 10. O-O Re8 11. b4 a5 12. b5 a4 13. Bc2 Bd7 14. Nxa4 Nc4
15. b6 Bxa4 16. Bxa4 c6 17. Nf5 Bf8 18. Bc2 Bxa3 19. Bxa3 Rxa3 20. Rxa3 Nxa3
21. Bd3 Qxb6 22. Qa4 Nc4 23. Bxc4 dxc4 24. Nd6 Rb8 25. Nxc4 Qc7 26. Qa7 Nd5 27.
Rc1 Qc8 28. Na5 Qe8 29. Nxb7 Ra8 30. Nd6 Rxa7 31. Nxe8 Nc3 32. Kf1 Nb5 33. Rxc6
Ra1+ 34. Ke2 Ra7 35. Nd6 Nc7 36. Nb5 Ra1 37. Kf3 Ne6 38. Rc8+ Nf8 39. d5 Ra5
40. d6 Rxb5 41. d7 Rd5 42. d8=Q Rxd8 43. Rxd8 g6 44. e4 Kg7 45. Rxf8 Kxf8 46.
e5 Ke7 47. Ke4 Ke6 48. f4 h5 49. g3 f6 50. h3 fxe5 51. fxe5 g5 52. g4 h4 53.
Kd4 Kd7 54. Kd5 1-0

[Event "11. Lichtenberger Sommer"]
[Site "Berlin"]
[Date "2012.08.21"]
[Round "4.60"]
[White "Zesewitz, Martin"]
[Black "Witte, Ronald"]
[Result "1/2-1/2"]
[WhiteElo "1870"]
[BlackElo "2034"]
[PlyCount "76"]
[EventDate "2012.??.??"]
[WhiteTeam "SF Friedrichshagen"]
[BlackTeam "BSV 63 Chemie Weißensee"]

1. f4 Nf6 2. Nf3 g6 3. e3 Bg7 4. d4 O-O 5. Bd3 d6 6. O-O Nbd7 7. c4 Re8 8. e4
e5 9. fxe5 dxe5 10. d5 Nc5 11. Nc3 a5 12. Be3 Qe7 13. Bc2 Bd7 14. Qe1 Ng4 15.
Bg5 f6 16. Bd2 Nh6 17. Nb5 Bxb5 18. cxb5 b6 19. b4 axb4 20. Bxb4 f5 21. Bb3 Kh8
22. Rc1 fxe4 23. Nd2 Qd7 24. Bxc5 bxc5 25. Rxc5 e3 26. Qxe3 Nf5 27. Qd3 e4 28.
Nxe4 Bd4+ 29. Kh1 Rxe4 30. Rxc7 Qxc7 31. Qxe4 Qe5 32. Qxe5+ Bxe5 33. a4 Nd4 34.
Re1 Nxb3 35. Rxe5 Rxa4 36. g3 Rd4 37. b6 Nc5 38. b7 Nxb7 1/2-1/2

[Event "11. Lichtenberger Sommer"]
[Site "Berlin"]
[Date "2012.08.21"]
[Round "4.62"]
[White "Baumert, Christian"]
[Black "Bandsom, Olaf"]
[Result "1/2-1/2"]
[WhiteElo "2158"]
[BlackElo "1800"]
[PlyCount "66"]
[EventDate "2012.??.??"]
[WhiteTeam "SG Lasker Steglitz-Wilmersdorf"]
[BlackTeam "SC Friesen Lichtenberg e.V."]

1. d4 Nf6 2. c4 g6 3. g3 Bg7 4. Bg2 c6 5. Nf3 d5 6. Nbd2 O-O 7. O-O Nbd7 8. b3
Re8 9. Bb2 e6 10. Qc2 b6 11. Rfe1 Bb7 12. Rad1 Rc8 13. Qb1 Qc7 14. e4 dxe4 15.
Nxe4 Nxe4 16. Qxe4 c5 17. Qe2 cxd4 18. Nxd4 Bxg2 19. Kxg2 Qb7+ 20. Kg1 a6 21.
Bc1 Rcd8 22. Qf3 Qxf3 23. Nxf3 Nc5 24. Bg5 f6 25. Be3 Bf8 26. Kf1 e5 27. Bxc5
Bxc5 28. Ke2 Kf7 29. h3 Bb4 30. Rxd8 Rxd8 31. Rd1 Rxd1 32. Kxd1 Bc5 33. Ke2 Ke6
1/2-1/2

[Event "11. Lichtenberger Sommer"]
[Site "Berlin"]
[Date "2012.08.21"]
[Round "4.63"]
[White "Wierzbicki, Jirawat"]
[Black "Harringer, Manfred"]
[Result "1/2-1/2"]
[WhiteElo "1584"]
[BlackElo "1900"]
[PlyCount "78"]
[EventDate "2012.??.??"]
[WhiteTeam "TuS Makkabi Berlin e.V."]
[BlackTeam "vereinslos"]

1. e4 c6 2. d4 d5 3. Nc3 dxe4 4. Nxe4 Bf5 5. Ng3 Bg6 6. Nh3 h6 7. Nf4 Bh7 8.
Nfh5 e6 9. c3 Nd7 10. Bd3 Bxd3 11. Qxd3 Ngf6 12. Qc2 Nxh5 13. Nxh5 Qa5 14. Ng3
Bd6 15. Bd2 Nf6 16. Ne4 Nxe4 17. Qxe4 Qd5 18. Qxd5 exd5 19. O-O Kd7 20. Rfe1
Rhe8 21. h3 h5 22. Kf1 g6 23. b3 f5 24. c4 Re4 25. Rxe4 fxe4 26. Ke2 Rf8 27.
Rf1 Ke6 28. f3 exf3+ 29. Rxf3 Rxf3 30. Kxf3 Kf5 31. g4+ hxg4+ 32. hxg4+ Kf6 33.
Bf4 Bxf4 34. Kxf4 g5+ 35. Ke3 Ke6 36. Kd3 Kd6 37. c5+ Kc7 38. b4 b6 39. a4 b5
1/2-1/2

[Event "11. Lichtenberger Sommer"]
[Site "Berlin"]
[Date "2012.08.21"]
[Round "4.64"]
[White "Strehlow, Horst"]
[Black "Geißler, Felix"]
[Result "0-1"]
[WhiteElo "2074"]
[BlackElo "1766"]
[PlyCount "60"]
[EventDate "2012.??.??"]
[WhiteTeam "SC Friesen Lichtenberg e.V."]
[BlackTeam "SC Kreuzberg e.V."]

1. e4 c5 2. Nf3 e6 3. d4 cxd4 4. Nxd4 Nc6 5. Nb5 d6 6. Bf4 e5 7. Be3 Nf6 8.
N1c3 a6 9. Na3 b5 10. Nd5 Be7 11. Bb6 Qd7 12. Nc7+ Kf8 13. Nxa8 Qb7 14. Bd3
Qxa8 15. c3 d5 16. exd5 Nxd5 17. Be3 Nxe3 18. fxe3 Qa7 19. Nc2 Bc5 20. Qf3 Bb7
21. Be4 Qb6 22. O-O f6 23. Rad1 Ke7 24. Rd3 Rd8 25. Rfd1 Rxd3 26. Rxd3 b4 27.
Qg4 g6 28. Qd7+ Kf8 29. Bd5 Be7 30. cxb4 Nxb4 0-1

[Event "11. Lichtenberger Sommer"]
[Site "Berlin"]
[Date "2012.08.21"]
[Round "4.65"]
[White "Becker, Uwe"]
[Black "George, Tom"]
[Result "0-1"]
[WhiteElo "1817"]
[BlackElo "1883"]
[PlyCount "124"]
[EventDate "2012.??.??"]
[WhiteTeam "SV Glück auf Rüdersdorf e.V."]
[BlackTeam "SG Blau-Weiß Stadtilm"]

1. f4 c5 2. Nf3 Nc6 3. c3 d5 4. e3 Nf6 5. d3 g6 6. Be2 Bg7 7. O-O O-O 8. Nbd2
Qc7 9. d4 Ng4 10. Nb1 c4 11. h3 Nf6 12. Nbd2 Bf5 13. Ne5 Ne4 14. Nxe4 Bxe4 15.
Bf3 Bxf3 16. Qxf3 Nxe5 17. fxe5 Qc6 18. Bd2 f5 19. Qe2 b5 20. a3 e6 21. Qd1
Rac8 22. g4 a5 23. gxf5 gxf5 24. Kh2 Qe8 25. Rg1 Kh8 26. Qf3 Qf7 27. Rg2 Rg8
28. Re1 Rcf8 29. Reg1 Bh6 30. Be1 Rxg2+ 31. Rxg2 Rg8 32. Bg3 Bg5 33. Bf4 Be7
34. Rxg8+ Qxg8 35. Qg3 Qxg3+ 36. Bxg3 b4 37. axb4 axb4 38. Be1 bxc3 39. bxc3
Kg7 40. Kg3 Kf7 41. Bf2 Ke8 42. Kf3 Kd7 43. Ke2 Kc6 44. Kd1 Kb5 45. Kc2 Ka4 46.
Bg3 Bg5 47. Bf2 h5 48. Kb2 Bh6 49. Ka2 f4 50. exf4 Bxf4 51. Kb2 Kb5 52. Kc2 Kc6
53. Kd1 Kd7 54. Ke2 Bc1 55. Be1 Ke7 56. Bd2 Bb2 57. Kf3 Kf7 58. Kf4 Kg6 59. h4
Ba3 60. Be1 Bc1+ 61. Kf3 Kf5 62. Ke2 Kg4 0-1

[Event "11. Lichtenberger Sommer"]
[Site "Berlin"]
[Date "2012.08.21"]
[Round "4.66"]
[White "Urbaniak, Andreas"]
[Black "Schwedek, Tony"]
[Result "0-1"]
[WhiteElo "1708"]
[BlackElo "1862"]
[PlyCount "64"]
[EventDate "2012.??.??"]
[WhiteTeam "SV Berolina Mitte e.V."]
[BlackTeam "SC Zitadelle Spandau 1977 e.V."]

1. f4 d5 2. Nf3 g6 3. e3 Bg7 4. Be2 Nf6 5. Nc3 O-O 6. O-O c5 7. a4 Nc6 8. d4
Ne4 9. Nxe4 dxe4 10. Ne5 cxd4 11. exd4 Qxd4+ 12. Qxd4 Nxd4 13. Bd1 Nc6 14. Nxc6
bxc6 15. c3 Ba6 16. Re1 f5 17. Be2 Bxe2 18. Rxe2 Rfd8 19. Be3 Rd7 20. Rc1 Rad8
21. Rcc2 Kf7 22. Kf2 e5 23. g3 Ke6 24. fxe5 Bxe5 25. Bc5 a6 26. Bb6 Bc7 27. Bd4
Rb8 28. b4 Bb6 29. Bxb6 Rxb6 30. Rcd2 Rbb7 31. Ke3 Ke5 32. h3 g5 0-1

[Event "11. Lichtenberger Sommer"]
[Site "Berlin"]
[Date "2012.08.21"]
[Round "4.67"]
[White "Engelhardt, Erhard"]
[Black "Jahnz, Fabian"]
[Result "0-1"]
[WhiteElo "1847"]
[BlackElo "2215"]
[PlyCount "66"]
[EventDate "2012.??.??"]
[WhiteTeam "SSV Rotation Berlin e.V."]
[BlackTeam "SK König Tegel 1949 e.V."]

1. f4 d5 2. Nf3 Nf6 3. e3 Bg4 4. h3 Bxf3 5. Qxf3 Nbd7 6. d4 e6 7. Bd3 Bd6 8.
Nd2 c5 9. c3 Qc7 10. O-O h6 11. Rf2 O-O-O 12. Nf1 Kb8 13. g3 Rdg8 14. Bd2 g5
15. Rg2 g4 16. hxg4 Nxg4 17. Nh2 h5 18. Rc1 c4 19. Bc2 Ndf6 20. b3 cxb3 21.
axb3 Rg7 22. Bd3 Rhg8 23. Nxg4 Rxg4 24. c4 Qe7 25. e4 dxe4 26. Bxe4 Nxe4 27.
Qxe4 Rxg3 28. Rxg3 Rxg3+ 29. Kf2 Qh4 30. Rh1 Rh3+ 31. Kg1 Qg4+ 32. Kf2 Rxh1 33.
Qxh1 Bxf4 0-1

[Event "11. Lichtenberger Sommer"]
[Site "Berlin"]
[Date "2012.08.21"]
[Round "4.68"]
[White "Tahiri, Daut"]
[Black "Herrmann, Eberhard"]
[Result "1-0"]
[WhiteElo "2114"]
[BlackElo "1859"]
[PlyCount "69"]
[EventDate "2012.??.??"]
[WhiteTeam "SK Tempelhof 1931 e.V."]
[BlackTeam "SC Friesen Lichtenberg e.V."]

1. e4 e5 2. Nf3 Nc6 3. Bc4 Be7 4. d4 exd4 5. c3 d6 6. Nxd4 Nf6 7. Qe2 Bd7 8.
Bd3 a6 9. h3 b5 10. f4 Na7 11. O-O O-O 12. Be3 c5 13. Nf3 Nc6 14. Rd1 Qc7 15.
Nbd2 Rfe8 16. Nh2 Bf8 17. Ng4 Be7 18. Bf2 Qc8 19. Ne3 Kh8 20. Nd5 Ng8 21. Nb6
Qb7 22. Nxa8 Qxa8 23. a4 b4 24. Bc4 Nh6 25. Nf3 Qb8 26. Ng5 Kg8 27. Qh5 Rf8 28.
Bxa6 Be8 29. Qe2 Bf6 30. Rab1 Bd7 31. Bxc5 dxc5 32. Rxd7 bxc3 33. e5 Bd8 34.
Qe4 g6 35. bxc3 1-0

[Event "11. Lichtenberger Sommer"]
[Site "Berlin"]
[Date "2012.08.21"]
[Round "4.69"]
[White "Kurbel, Horst-Peter"]
[Black "Sabrowski, Uwe"]
[Result "0-1"]
[WhiteElo "1865"]
[BlackElo "2114"]
[PlyCount "58"]
[EventDate "2012.??.??"]
[WhiteTeam "FC Bayern München e.V."]
[BlackTeam "SC Friesen Lichtenberg e.V."]

1. d4 f5 2. g3 Nf6 3. Bg2 g6 4. Nh3 Bg7 5. O-O O-O 6. c4 d6 7. Nc3 Nc6 8. Nf4
e5 9. dxe5 Nxe5 10. Qb3 c6 11. h4 h6 12. e4 g5 13. hxg5 hxg5 14. c5+ d5 15. Nh3
fxe4 16. Nxg5 Kh8 17. Bf4 Nh5 18. Bxe5 Bxe5 19. Nh3 Qf6 20. Qd1 Qh6 21. Qc1 Kg7
22. Qxh6+ Kxh6 23. Rac1 Bg4 24. Rc2 Rf7 25. b4 Raf8 26. Nd1 Bf3 27. Ne3 Kg6 28.
Bxf3 Rxf3 29. Ng4 Bxg3 0-1

[Event "11. Lichtenberger Sommer"]
[Site "Berlin"]
[Date "2012.08.21"]
[Round "4.70"]
[White "Jeremic, Nemanja"]
[Black "Barwich, Alfred"]
[Result "0-1"]
[WhiteElo "1649"]
[BlackElo "2011"]
[PlyCount "40"]
[EventDate "2012.??.??"]
[WhiteTeam "BSC Rehberge 1945 e.V."]
[BlackTeam "SV Berolina Mitte e.V."]

1. e4 d6 2. Nc3 e5 3. Nf3 Nf6 4. Be2 c6 5. O-O Be7 6. d4 Nbd7 7. b3 b5 8. d5 b4
9. dxc6 bxc3 10. cxd7+ Bxd7 11. Bc4 Bc6 12. Bd5 Bxd5 13. exd5 Qa5 14. Re1 Nxd5
15. Nxe5 dxe5 16. Rxe5 Rd8 17. Qh5 O-O 18. Bh6 gxh6 19. Rxe7 Qb6 20. Rae1 Nxe7
0-1

[Event "11. Lichtenberger Sommer"]
[Site "Berlin"]
[Date "2012.08.21"]
[Round "4.71"]
[White "Hohn, August"]
[Black "Schönemann, Manfred"]
[Result "0-1"]
[WhiteElo "2004"]
[BlackElo "1788"]
[PlyCount "44"]
[EventDate "2012.??.??"]
[WhiteTeam "SC Zugzwang 95 e.V."]
[BlackTeam "SV Turbine Berlin e.V."]

1. c4 Nf6 2. Nc3 e6 3. e4 d6 4. Nf3 g6 5. d4 Bg7 6. Be2 O-O 7. Bg5 Qe8 8. Qd2
b6 9. Bh6 Bb7 10. Bd3 d5 11. Bxg7 Kxg7 12. e5 Ne4 13. Qf4 f5 14. exf6+ Rxf6 15.
Qxc7+ Rf7 16. Qe5+ Kg8 17. cxd5 Nxc3 18. bxc3 Bxd5 19. Qg3 Qc6 20. O-O Bxf3 21.
gxf3 Rxf3 22. Qg2 Rxd3 0-1

[Event "11. Lichtenberger Sommer"]
[Site "Berlin"]
[Date "2012.08.21"]
[Round "4.72"]
[White "Schneider, Eckehard"]
[Black "Schmidek, Emil"]
[Result "0-1"]
[WhiteElo "1795"]
[BlackElo "1836"]
[PlyCount "46"]
[EventDate "2012.??.??"]
[WhiteTeam "Sfrd. Berlin 1903 e.V."]
[BlackTeam "TuS Makkabi Berlin e.V."]

1. e4 e5 2. Nf3 Nc6 3. d4 exd4 4. Nxd4 Bc5 5. Be3 Qf6 6. c3 Qg6 7. Qf3 Nf6 8.
Nxc6 Bxe3 9. Qxe3 dxc6 10. Nd2 O-O 11. O-O-O b5 12. Qg3 Qh6 13. Bd3 Rd8 14. Kc2
Be6 15. h3 b4 16. b3 bxc3 17. Kxc3 Qh5 18. Nc4 Bxc4 19. Kxc4 Qa5 20. Bb1 c5 21.
Qc3 Qa6+ 22. Kxc5 Qb6+ 23. Kc4 Qc6+ 0-1

[Event "11. Lichtenberger Sommer"]
[Site "Berlin"]
[Date "2012.08.21"]
[Round "4.73"]
[White "Dreke, Frank"]
[Black "Dittrich, Hans-Georg"]
[Result "1-0"]
[WhiteElo "2025"]
[BlackElo "1748"]
[PlyCount "45"]
[EventDate "2012.??.??"]
[WhiteTeam "Treptower SV 1949 e.V."]
[BlackTeam "SG Blau-Weiß Stadtilm"]

1. e4 e5 2. Nf3 Nc6 3. d4 exd4 4. Bc4 Nf6 5. O-O Nxe4 6. Re1 d5 7. Bxd5 Qxd5 8.
Nc3 Qh5 9. Nxe4 Be6 10. Neg5 O-O-O 11. Nxe6 fxe6 12. Rxe6 Bd6 13. h3 Rhf8 14.
Bd2 Rf7 15. Ng5 Qxd1+ 16. Rxd1 Rfd7 17. Nxh7 Bb4 18. Ng5 Bxd2 19. Rxd2 Nb4 20.
a3 Nd5 21. Rxd4 c6 22. Re2 Kc7 23. Ne6+ 1-0

[Event "11. Lichtenberger Sommer"]
[Site "Berlin"]
[Date "2012.08.21"]
[Round "4.74"]
[White "Muskewitz, Bernd"]
[Black "Soliva Ruiz, Ramon"]
[Result "1-0"]
[WhiteElo "1992"]
[BlackElo "1620"]
[PlyCount "75"]
[EventDate "2012.??.??"]
[WhiteTeam "TSG Oberschöneweide e.V."]
[BlackTeam "Ateneo Maritimo Valencia"]

1. d4 Nf6 2. c4 g6 3. g3 Bg7 4. Bg2 c6 5. e4 O-O 6. e5 Ne8 7. Nf3 d6 8. O-O d5
9. cxd5 cxd5 10. Qb3 e6 11. Be3 Nc6 12. Nbd2 Nc7 13. Rfc1 Bd7 14. Bf1 a6 15.
Qb6 f6 16. Nb3 fxe5 17. Nxe5 Bxe5 18. dxe5 Ne8 19. f4 Qxb6 20. Bxb6 Ng7 21. Nc5
Bc8 22. Nxa6 bxa6 23. Rxc6 Bd7 24. Rc2 Bb5 25. Rac1 Bxf1 26. Kxf1 Rab8 27. Bf2
Rf7 28. Rc8+ Rxc8 29. Rxc8+ Rf8 30. Rc6 Ra8 31. Bc5 Kf7 32. Rc7+ Kg8 33. b4 Nf5
34. g4 Ng7 35. a4 h6 36. Ra7 Rxa7 37. Bxa7 Kf8 38. b5 1-0

[Event "11. Lichtenberger Sommer"]
[Site "Berlin"]
[Date "2012.08.21"]
[Round "4.75"]
[White "Koerber, Bernhard"]
[Black "Mayer, Herbert"]
[Result "1/2-1/2"]
[WhiteElo "1643"]
[BlackElo "1975"]
[PlyCount "99"]
[EventDate "2012.??.??"]
[WhiteTeam "SK Zehlendorf e.V."]
[BlackTeam "SC Rochade e.V."]

1. e4 c6 2. d4 d5 3. e5 Bf5 4. c3 e6 5. Nf3 Nd7 6. Be2 Ne7 7. O-O c5 8. Be3 Nc6
9. Nbd2 Be7 10. a3 O-O 11. Rc1 Bg6 12. Bb5 a6 13. Ba4 b5 14. Bc2 Bxc2 15. Qxc2
Rc8 16. Qd1 c4 17. Nb1 f6 18. exf6 Nxf6 19. Nbd2 Ng4 20. Re1 Qd6 21. g3 Nxe3
22. Rxe3 Rf6 23. Qe2 Rcf8 24. Re1 Nd8 25. Rf1 Rf5 26. Ne5 a5 27. f4 b4 28. axb4
axb4 29. Ra1 Qc7 30. Qd1 Bd6 31. Re2 Bxe5 32. fxe5 Nc6 33. Re1 Qb6 34. Rf1
Rxf1+ 35. Nxf1 Nxe5 36. Kg2 Nd3 37. Ra2 Rf2+ 38. Kg1 Rf8 39. Qa1 e5 40. Ra6 Qb8
41. Qa5 Qd8 42. dxe5 bxc3 43. bxc3 Nxe5 44. Ne3 Nf3+ 45. Kg2 Ne1+ 46. Kg1 Qxa5
47. Rxa5 d4 48. cxd4 c3 49. Rc5 Nf3+ 50. Kg2 1/2-1/2

[Event "11. Lichtenberger Sommer"]
[Site "Berlin"]
[Date "2012.08.21"]
[Round "4.76"]
[White "Räcke, Norbert"]
[Black "Krawatzki, Armin"]
[Result "1-0"]
[WhiteElo "1835"]
[BlackElo "1752"]
[PlyCount "39"]
[EventDate "2012.??.??"]
[WhiteTeam "Queer-Springer SSV Berlin"]
[BlackTeam "SVG Läufer Reinickendorf e.V."]

1. d4 e6 2. c4 Nf6 3. Nc3 Bb4 4. Qc2 O-O 5. a3 Bxc3+ 6. Qxc3 d5 7. Bg5 h6 8.
Bh4 Nbd7 9. cxd5 exd5 10. Rc1 c6 11. Qc2 Qa5+ 12. Qc3 Qxc3+ 13. bxc3 b5 14. f3
Re8 15. Bf2 Nb6 16. e3 Bf5 17. Ne2 Nc4 18. Ng3 Nxe3 19. Bxe3 Rxe3+ 20. Kf2 1-0

[Event "11. Lichtenberger Sommer"]
[Site "Berlin"]
[Date "2012.08.21"]
[Round "4.77"]
[White "Bastian, Reinhard"]
[Black "Junge, Wolfgang"]
[Result "1/2-1/2"]
[WhiteElo "1620"]
[BlackElo "1799"]
[PlyCount "56"]
[EventDate "2012.??.??"]
[WhiteTeam "vereinslos"]
[BlackTeam "SC Friesen Lichtenberg e.V."]

1. e4 e5 2. Nf3 Nf6 3. Nc3 Bb4 4. Nxe5 d6 5. Nd3 Bxc3 6. dxc3 Nxe4 7. Be2 O-O
8. Nf4 Re8 9. O-O Nd7 10. f3 Nef6 11. c4 Nf8 12. b3 Ne6 13. Nxe6 Rxe6 14. Bg5
h6 15. Bh4 Bd7 16. Re1 Qf8 17. Qd2 Rae8 18. Bd3 Rxe1+ 19. Rxe1 Rxe1+ 20. Qxe1
Qe8 21. Qf2 g5 22. Bg3 b6 23. Qe1 Qxe1+ 24. Bxe1 Ne8 25. Bc3 f5 26. Kf2 Kf7 27.
Bd2 Ng7 28. h4 f4 1/2-1/2

[Event "11. Lichtenberger Sommer"]
[Site "Berlin"]
[Date "2012.08.21"]
[Round "4.78"]
[White "Kramer, Ralf"]
[Black "Grothe, Michael"]
[Result "1-0"]
[WhiteElo "1633"]
[BlackElo "1260"]
[PlyCount "75"]
[EventDate "2012.??.??"]
[WhiteTeam "SV Königsjäger Süd-West e.V."]
[BlackTeam "SK König Tegel 1949 e.V."]

1. e4 e5 2. f4 Nc6 3. Nf3 d6 4. Bc4 h6 5. f5 Nf6 6. Nc3 Be7 7. d3 b6 8. a3 Bb7
9. b4 a6 10. Ne2 O-O 11. O-O d5 12. exd5 Nxd5 13. Qe1 Nf6 14. Qg3 Bd6 15. Bxh6
Nh5 16. Qg6 Qf6 17. Bg5 Qxg6 18. fxg6 Ne7 19. gxf7+ Kh8 20. Rae1 Bd5 21. Bxe7
Rxf7 22. Bxd5 Rxe7 23. Bxa8 b5 24. Be4 Nf6 25. Bg6 c5 26. c3 e4 27. dxe4 Nxe4
28. Ng5 Re6 29. Nxe6 Nf6 30. Rd1 Be7 31. bxc5 a5 32. c6 b4 33. axb4 axb4 34.
cxb4 Nh7 35. c7 Kg8 36. c8=Q+ Nf8 37. Rxf8+ Bxf8 38. Qxf8# 1-0